[Event "64. BEM 2010"]
[Site "Dortmund"]
[Date "2010.03.01"]
[Round "4.4"]
[White "Hoppe, Dirk"]
[Black "Zimmermann, Dirk"]
[Result "0-1"]
[WhiteElo "1828"]
[BlackElo "1960"]
[PlyCount "42"]
[EventDate "2010.??.??"]
[Source "SG Dortmund"]
[SourceDate "2004.12.16"]

1. e4 c6 2. d4 d5 3. Nc3 dxe4 4. Nxe4 Nf6 5. Nxf6+ gxf6 6. c3 Bf5 7. Bc4 e6 8.
Bf4 Bd6 9. Bxd6 Qxd6 10. Qf3 Nd7 11. Ne2 O-O-O 12. b4 Rhg8 13. Ng3 Bg6 14. O-O
f5 15. a4 Nf6 16. b5 c5 17. a5 Ne4 18. Rfd1 Ng5 19. Qe2 f4 20. Nf1 Be4 21. dxc5
Nh3+ 0-1

[Event "64. BEM 2010"]
[Site "Dortmund"]
[Date "2010.03.01"]
[Round "4.5"]
[White "Zelt, Jens"]
[Black "Werner, Patrick"]
[Result "1-0"]
[WhiteElo "2020"]
[BlackElo "1832"]
[PlyCount "47"]
[EventDate "2010.??.??"]
[Source "SG Dortmund"]
[SourceDate "2004.12.16"]

1. d4 d6 2. e4 g6 3. h3 Bg7 4. Nf3 a6 5. a4 b6 6. Bd3 Bb7 7. O-O Nd7 8. Qe2 e5
9. c3 Ngf6 10. dxe5 dxe5 11. b4 O-O 12. Ba3 Re8 13. Rd1 c6 14. Nbd2 Qc7 15. Nc4
Rad8 16. Bc2 Bf8 17. Bc1 h6 18. Nh2 c5 19. b5 axb5 20. axb5 Bc8 21. Qf3 Kg7 22.
Nf1 Nb8 23. Bxh6+ Kxh6 24. Qxf6 1-0

[Event "64. BEM 2010"]
[Site "Dortmund"]
[Date "2010.03.01"]
[Round "4.6"]
[White "Lauche, Christoph"]
[Black "Schultz, Bernfried"]
[Result "1-0"]
[WhiteElo "1960"]
[BlackElo "1710"]
[PlyCount "101"]
[EventDate "2010.??.??"]
[Source "SG Dortmund"]
[SourceDate "2004.12.16"]

1. e4 e5 2. Bc4 Nf6 3. d4 exd4 4. Nf3 Nxe4 5. Qxd4 Nf6 6. Nc3 Nc6 7. Qh4 d6 8.
Bg5 Be7 9. O-O-O Be6 10. Rhe1 Qd7 11. Bxe6 fxe6 12. Qc4 O-O-O 13. Qxe6 Qxe6 14.
Rxe6 h6 15. Bxf6 Bxf6 16. Nd5 Rde8 17. Rxe8+ Rxe8 18. Nxf6 gxf6 19. Re1 Rxe1+
20. Nxe1 Kd7 21. Kd2 Ke6 22. Nf3 a6 23. h3 Nb4 24. c3 Nd5 25. Nd4+ Ke5 26. g3
c5 27. Nc2 Ke4 28. Ke2 f5 29. f3+ Ke5 30. Ne1 b5 31. f4+ Ke4 32. Nd3 Nf6 33.
Nf2+ Kd5 34. g4 fxg4 35. hxg4 a5 36. Kf3 b4 37. cxb4 cxb4 38. g5 hxg5 39. fxg5
Ne8 40. Ng4 Ke6 41. Ke4 Ng7 42. Ne3 Ne8 43. Kd4 Nc7 44. g6 Kf6 45. Nd5+ Nxd5
46. Kxd5 Kxg6 47. b3 Kf6 48. Kxd6 Kf5 49. Kc5 Ke5 50. Kb5 Kd4 51. Kxa5 1-0

[Event "64. BEM 2010"]
[Site "Dortmund"]
[Date "2010.03.01"]
[Round "4.7"]
[White "Begna, Bozidar"]
[Black "Gegner, Michael"]
[Result "1/2-1/2"]
[WhiteElo "1958"]
[BlackElo "1551"]
[PlyCount "45"]
[EventDate "2010.??.??"]
[Source "SG Dortmund"]
[SourceDate "2004.12.16"]

1. b3 e5 2. Bb2 d6 3. e3 g5 4. Bc4 Bg7 5. Qh5 d5 6. Bb5+ c6 7. Be2 h6 8. Bf1
Ne7 9. f4 Ng6 10. Bd3 Qd6 11. fxe5 Nxe5 12. Bxe5 Bxe5 13. c3 Nd7 14. Ne2 Nf6
15. Qf3 Bg4 16. Qf1 Ne4 17. g3 Qd7 18. Bxe4 dxe4 19. Na3 b5 20. Nd4 Rd8 21. Qf2
a6 {(=)} 22. b4 h5 23. O-O {(=)} 1/2-1/2

[Event "64. BEM 2010"]
[Site "Dortmund"]
[Date "2010.03.01"]
[Round "4.8"]
[White "Morawietz, Manuel"]
[Black "Zabel, Reinhard"]
[Result "1-0"]
[WhiteElo "1952"]
[BlackElo "1492"]
[PlyCount "75"]
[EventDate "2010.??.??"]
[Source "SG Dortmund"]
[SourceDate "2004.12.16"]

1. e4 e5 2. Nf3 Nf6 3. Nxe5 d6 4. Nf3 Nxe4 5. Nc3 Nxc3 6. dxc3 Bg4 7. Be2 Be7
8. Qd4 f5 9. Qxg7 Bf6 10. Qh6 Qe7 11. Qe3 Nc6 12. Qxe7+ Kxe7 13. h3 Bh5 14. Bf4
Ne5 15. Nd4 Bg6 16. O-O-O c6 17. h4 h5 18. Nf3 Rad8 19. Bg5 Nxf3 20. Bxf6+ Kxf6
21. Bxf3 d5 22. Rhe1 Rhe8 23. Kd2 f4 24. Rxe8 Rxe8 25. Re1 Bf7 26. Rxe8 Bxe8
27. a4 Kg6 28. Kd3 b6 29. b4 Bf7 30. Kd4 Kf5 31. Be2 Ke6 32. c4 Kd6 33. c5+
bxc5+ 34. bxc5+ Ke6 35. Ba6 Kf6 36. Bb7 Be8 37. Bc8 a5 38. c3 1-0

[Event "64. BEM 2010"]
[Site "Dortmund"]
[Date "2010.03.01"]
[Round "4.9"]
[White "Raskin, Vitali"]
[Black "Borjini, Faouzi"]
[Result "1-0"]
[WhiteElo "1653"]
[BlackElo "1919"]
[PlyCount "51"]
[EventDate "2010.??.??"]
[Source "SG Dortmund"]
[SourceDate "2004.12.16"]

1. d4 Nf6 2. c4 g6 3. Nf3 Bg7 4. Nc3 O-O 5. e4 d6 6. Be2 e5 7. dxe5 dxe5 8. Qc2
Nc6 9. O-O Nd4 10. Nxd4 exd4 11. Nd5 c6 12. Nxf6+ Qxf6 13. f4 Rd8 14. e5 Qe7
15. Bd3 c5 16. Bd2 b6 17. Rab1 a5 18. a3 Bb7 19. b4 axb4 20. axb4 Ra3 21. bxc5
bxc5 22. Rb6 Rda8 23. Rfb1 Ra1 24. Qd1 Qc7 25. Rxb7 Qxb7 26. Rxa1 1-0

[Event "64. BEM 2010"]
[Site "Dortmund"]
[Date "2010.03.01"]
[Round "4.10"]
[White "Simon, Thomas"]
[Black "Raabe, Hans-Ulrich"]
[Result "1-0"]
[WhiteElo "1885"]
[BlackElo "1338"]
[PlyCount "61"]
[EventDate "2010.??.??"]
[Source "SG Dortmund"]
[SourceDate "2004.12.16"]

1. Nf3 Nf6 2. g3 d6 3. d4 g6 4. b3 Bg7 5. Bb2 O-O 6. Bg2 c5 7. O-O Nc6 8. d5
Nb8 9. c4 Bd7 10. Nbd2 b5 11. Qc1 a5 12. e4 Na6 13. e5 Ng4 14. exd6 exd6 15.
Bxg7 Kxg7 16. Ne4 Be8 17. Qf4 Nf6 18. Nxd6 bxc4 19. bxc4 Rb8 20. Rab1 Bd7 21.
Nb7 Qc8 22. Nxa5 Nb4 23. a3 Na6 24. Ne5 Bf5 25. Rxb8 Qxb8 26. Nac6 Qb2 27. g4
Bc2 28. Bf3 Qxa3 29. g5 Nh5 30. Bxh5 gxh5 31. Qf6+ 1-0

[Event "64. BEM 2010"]
[Site "Dortmund"]
[Date "2010.03.01"]
[Round "4.11"]
[White "Benke, Werner"]
[Black "Dreier, Daniel"]
[Result "0-1"]
[WhiteElo "1613"]
[BlackElo "1792"]
[PlyCount "114"]
[EventDate "2010.??.??"]
[Source "SG Dortmund"]
[SourceDate "2004.12.16"]

1. d4 Nf6 2. Nf3 d6 3. e3 Nbd7 4. Be2 c6 5. O-O g6 6. b3 Bg7 7. Bb2 O-O 8. Nbd2
Qc7 9. c4 e5 10. dxe5 dxe5 11. Qc2 Re8 12. Ng5 Nf8 13. Bd3 Ng4 14. e4 Qe7 15.
Ngf3 Rd8 16. h3 Nh6 17. Rfe1 g5 18. Be2 g4 19. hxg4 Nxg4 20. Rad1 Ng6 21. Nf1
Be6 22. Rxd8+ Rxd8 23. Rd1 Nf4 24. Rxd8+ Qxd8 25. N3h2 Nxh2 26. Nxh2 Qg5 27.
Bf3 Bf8 28. Bc1 Bc5 29. Bxf4 Qxf4 30. Nf1 Bd4 31. Qd2 Qh4 32. Ne3 Qg5 33. Nf1
Qg6 34. Ne3 Qg5 35. Nf1 Qxd2 36. Nxd2 a5 37. Be2 f6 38. Kf1 Kg7 39. g3 Kg6 40.
Nf3 Bc5 41. Nh4+ Kf7 42. a4 b5 43. Ke1 bxa4 44. bxa4 Ke7 45. Bd3 Bb4+ 46. Ke2
Kd6 47. f4 Kc5 48. fxe5 fxe5 49. Nf3 Bc3 50. Ng5 Bg8 51. Bb1 Bxc4+ 52. Bd3 Bg8
53. Bc2 Kb4 54. Nf3 c5 55. g4 Be6 56. g5 Bd4 57. Ne1 c4 0-1

[Event "64. BEM 2010"]
[Site "Dortmund"]
[Date "2010.03.01"]
[Round "4.12"]
[White "Imrek, Ozan Mert"]
[Black "Grube, Jörg"]
[Result "1-0"]
[WhiteElo "1351"]
[BlackElo "1730"]
[PlyCount "93"]
[EventDate "2010.??.??"]
[Source "SG Dortmund"]
[SourceDate "2004.12.16"]

1. d4 Nf6 2. c4 g6 3. Nc3 Bg7 4. e4 d6 5. Nf3 O-O 6. Bd3 Nc6 7. d5 Nb8 8. h3 c6
9. Be3 cxd5 10. exd5 a6 11. O-O Nbd7 12. Re1 Qc7 13. Rc1 b6 14. b4 Bb7 15. Qb3
Rac8 16. Na4 Ba8 17. Red1 Qb8 18. b5 a5 19. Nd4 Rce8 20. Nc6 Qc7 21. Re1 e5 22.
Bg5 h6 23. Bh4 g5 24. Bg3 Nh5 25. Be2 Ndf6 26. Nc3 Bb7 27. Bxh5 Nxh5 28. Qa3 f5
29. Qb3 Kh8 30. Qd1 Nf6 31. Qf3 Bc8 32. a4 f4 33. Bh2 Bf5 34. g4 fxg3 35. Qxf5
gxh2+ 36. Kxh2 Rf7 37. Rb1 Ref8 38. Rf1 Nd7 39. Qe6 Nc5 40. Qg6 Rf3 41. Ne4 Qd7
42. Nxg5 hxg5 43. Qh5+ Kg8 44. Nb8 Qf5 45. Rb2 Nd3 46. Nc6 Nxb2 47. Ne7# 1-0

[Event "64. BEM 2010"]
[Site "Dortmund"]
[Date "2010.03.01"]
[Round "4.13"]
[White "Ziemek, Gerhard"]
[Black "Rüttiger, Volker"]
[Result "1-0"]
[WhiteElo "1717"]
[BlackElo "1213"]
[PlyCount "41"]
[EventDate "2010.??.??"]
[Source "SG Dortmund"]
[SourceDate "2004.12.16"]

1. d4 e6 2. e4 d5 3. Nc3 c5 4. exd5 exd5 5. dxc5 d4 6. Ne4 Bf5 7. Bd3 Qd5 8.
Qf3 Qe6 9. Ne2 Nc6 10. Nd6+ Bxd6 11. Bxf5 Ne5 12. Qh3 Qf6 13. cxd6 Qxd6 14. Bf4
d3 15. cxd3 Qb4+ 16. Bd2 Qxb2 17. Bc3 Qb5 18. O-O Nf6 19. Rab1 Qd5 20. Nf4 Qd6
21. Bxe5 1-0

[Event "64. BEM 2010"]
[Site "Dortmund"]
[Date "2010.03.01"]
[Round "4.14"]
[White "Krüger, Georg"]
[Black "Tekin, Baran"]
[Result "1-0"]
[WhiteElo "1679"]
[BlackElo "948"]
[PlyCount "111"]
[EventDate "2010.??.??"]
[Source "SG Dortmund"]
[SourceDate "2004.12.16"]

1. e4 e5 2. Bc4 Nf6 3. d3 Nc6 4. Nf3 Bc5 5. O-O O-O 6. c3 d5 7. exd5 Nxd5 8.
Nbd2 Bg4 9. h3 Bh5 10. Ne4 Bb6 11. Re1 Re8 12. Ng3 Bxf3 13. Qxf3 Nf6 14. Bg5
Bc5 15. Nf5 h6 16. Nxh6+ Kf8 17. Nxf7 Qe7 18. Bxf6 Qxf6 19. Qxf6 gxf6 20. Nh6
Rad8 21. Rad1 Na5 22. Bb5 c6 23. Ba4 b5 24. Bc2 Bb6 25. Nf5 c5 26. Re2 Nc6 27.
Rde1 b4 28. Ba4 Re6 29. Bb5 bxc3 30. bxc3 Ba5 31. Rd1 Ne7 32. Nxe7 Rxe7 33. c4
e4 34. Re3 Bc7 35. g3 f5 36. Bc6 f4 37. gxf4 Bxf4 38. Rxe4 Rg7+ 39. Kf1 Bh2 40.
Rg4 Rh7 41. Kg2 Bc7 42. Bd5 Re8 43. Rg8+ Ke7 44. Re1+ Kd6 45. Rgxe8 Rg7+ 46.
Kf1 Kd7 47. Rg8 Rh7 48. Re4 Bd6 49. Be6+ Kc7 50. Rc8+ Kb6 51. Bg4 Ka5 52. d4
Kb4 53. dxc5 Bxc5 54. a3+ Kc3 55. Rxc5 Kd3 56. Bf5 1-0

[Event "64. BEM 2010"]
[Site "Dortmund"]
[Date "2010.03.01"]
[Round "4.15"]
[White "Dörre, Niels"]
[Black "Fahle, Karl-Wilhelm"]
[Result "1/2-1/2"]
[WhiteElo "1609"]
[BlackElo "1160"]
[PlyCount "36"]
[EventDate "2010.??.??"]
[Source "SG Dortmund"]
[SourceDate "2004.12.16"]

1. e4 c5 2. Nf3 d6 3. b3 Nc6 4. Bb2 e5 5. c3 Nf6 6. Qc2 Be7 7. Bb5 Bd7 8. O-O
O-O 9. d4 cxd4 10. a3 Rc8 11. Qd3 a6 12. Bxc6 Bxc6 13. Nbd2 dxc3 14. Bxc3 Bb5
15. Nc4 Bxc4 16. bxc4 Qd7 17. Rab1 Qc6 18. Nd2 b5 {(=)} 1/2-1/2

[Event "64. BEM 2010"]
[Site "Dortmund"]
[Date "2010.03.01"]
[Round "4.16"]
[White "Weih, Kurt"]
[Black "Noori, Mir Ahmad"]
[Result "1/2-1/2"]
[WhiteElo "1356"]
[BlackElo "1566"]
[PlyCount "109"]
[EventDate "2010.??.??"]
[Source "SG Dortmund"]
[SourceDate "2004.12.16"]

1. d4 g6 2. c4 Bg7 3. Bg5 h6 4. Bh4 Nf6 5. Nf3 d6 6. Nc3 Nbd7 7. e3 a6 8. Bd3
b6 9. O-O Bb7 10. Rc1 O-O 11. a3 Qe8 12. Re1 Qc8 13. e4 Re8 14. Nd2 e5 15. d5
Nc5 16. Bb1 Qg4 17. Qxg4 Nxg4 18. b4 Nd7 19. h3 Ngf6 20. a4 g5 21. Bg3 Nh5 22.
Ne2 Bc8 23. Bh2 a5 24. g4 Nf4 25. Nxf4 exf4 26. b5 Nc5 27. Bc2 Bc3 28. Re2 Bxd2
29. Rxd2 Bd7 30. f3 f6 31. Kg2 Bc8 32. Bg1 Nd7 33. Bd4 Kf7 34. Kf2 Nf8 35. Rh1
Ng6 36. Re2 Bd7 37. Ree1 Rh8 38. Rh2 Rae8 39. Bd1 Rh7 40. Bc2 h5 41. Reh1 Reh8
42. Kg2 Rh6 43. Bd1 Nh4+ 44. Kf2 Ng6 45. Kg2 Re8 46. Kf2 Nh4 47. Be2 Reh8 48.
Kg1 Kg7 49. Bd1 Ng6 50. Kg2 Bc8 51. Be2 Re8 52. Kf2 Bd7 53. Bd1 Reh8 54. Kg2
Bc8 55. Be2 1/2-1/2

[Event "64. BEM 2010"]
[Site "Dortmund"]
[Date "2010.03.01"]
[Round "4.17"]
[White "Schirmer, Michael"]
[Black "Gennat, Egon L"]
[Result "1/2-1/2"]
[WhiteElo "1561"]
[BlackElo "1353"]
[PlyCount "41"]
[EventDate "2010.??.??"]
[Source "SG Dortmund"]
[SourceDate "2004.12.16"]

1. c4 g6 2. Nc3 Bg7 3. g3 Nf6 4. Bg2 d6 5. d4 O-O 6. e4 Nbd7 7. Nf3 c5 8. d5
Nb6 9. Nd2 e5 10. O-O Nh5 11. a4 a5 12. Qc2 f5 13. exf5 Bxf5 14. Be4 Bxe4 15.
Qxe4 Qd7 16. Nb5 Rad8 17. Nf3 Qf5 18. Qxf5 gxf5 19. Ng5 Rd7 20. Ne6 Re8 21. b3
1/2-1/2

[Event "64. BEM 2010"]
[Site "Dortmund"]
[Date "2010.03.01"]
[Round "4.18"]
[White "Hübel, Carsten"]
[Black "Schrimpl, Michael"]
[Result "1-0"]
[WhiteElo "1344"]
[BlackElo "1496"]
[PlyCount "99"]
[EventDate "2010.??.??"]
[Source "SG Dortmund"]
[SourceDate "2004.12.16"]

1. c4 Nf6 2. Nc3 e5 3. g3 d5 4. cxd5 Nxd5 5. Bg2 Nb6 6. d3 Bc5 7. e3 O-O 8.
Nge2 c6 9. O-O Be6 10. b3 Na6 11. Bb2 Nd5 12. Nxd5 Bxd5 13. e4 Be6 14. Bxe5 Bg4
15. h3 Bh5 16. a3 Qe7 17. Bb2 Rad8 18. Qc2 Bxe2 19. Qxe2 Bb6 20. Kh2 Nc5 21. a4
Nxb3 22. Ba3 Bc5 23. Bxc5 Nxc5 24. Rfd1 Rd4 25. Qc2 Rfd8 26. Bf1 Ne6 27. f4 Qc5
28. Qb3 Rb4 29. Qa3 Qf2+ 30. Bg2 Rb2 31. Rg1 Rd2 32. Rad1 R8xd3 33. Rxd2 Qxd2
34. Qa1 Qc3 35. Qa2 Rd2 36. Qb1 Rb2 37. Qa1 Rc2 38. Qb1 Rb2 39. Qa1 Qb3 40. f5
Ra2 41. fxe6 fxe6 42. Qe5 Qc4 43. Qb8+ Kf7 44. Qxb7+ Kg6 45. Qxa7 Rxa4 46. Qe3
Ra2 47. h4 h6 48. Qf3 Qe2 49. h5+ Kg5 50. Qf4+ 1-0

[Event "64. BEM 2010"]
[Site "Dortmund"]
[Date "2010.03.01"]
[Round "4.19"]
[White "Schirmer, Florian"]
[Black "Komenda, Thomas"]
[Result "0-1"]
[WhiteElo "1202"]
[BlackElo "1461"]
[PlyCount "52"]
[EventDate "2010.??.??"]
[Source "SG Dortmund"]
[SourceDate "2004.12.16"]

1. c4 Nf6 2. Nc3 d6 3. d3 g6 4. g3 Bg7 5. Bg2 c6 6. f4 O-O 7. Nf3 Nbd7 8. O-O
Ng4 9. Qc2 e5 10. e4 Qb6+ 11. Kh1 Ne3 12. Bxe3 Qxe3 13. Qe2 Qxe2 14. Nxe2 exf4
15. Nxf4 Bxb2 16. Rab1 Bg7 17. Rfd1 Ne5 18. Rbc1 Bg4 19. Nxe5 dxe5 20. Nh3 Bxd1
21. Rxd1 Rfd8 22. Ng5 Rd7 23. Rd2 Bh6 24. h4 f6 25. Nf3 Bxd2 26. Nxd2 Rxd3 0-1

[Event "64. BEM 2010"]
[Site "Dortmund"]
[Date "2010.03.01"]
[Round "4.20"]
[White "Marienfeld, Udo"]
[Black "Vojdani, Bahram"]
[Result "0-1"]
[WhiteElo "1334"]
[BlackElo "1735"]
[PlyCount "110"]
[EventDate "2010.??.??"]
[Source "SG Dortmund"]
[SourceDate "2004.12.16"]

1. e4 e6 2. d4 d5 3. e5 c5 4. c3 Qb6 5. Nf3 Nc6 6. Qb3 Qa5 7. Qb5 Qc7 8. dxc5
Bd7 9. Qd3 Bxc5 10. Be3 Bxe3 11. Qxe3 Nge7 12. Bb5 Na5 13. Bxd7+ Qxd7 14. Na3
Nf5 15. Qd3 Rc8 16. Rd1 Nc4 17. Nxc4 Rxc4 18. Qxc4 dxc4 19. Rxd7 Kxd7 20. Ke2
h6 21. Rd1+ Kc7 22. Nd2 b5 23. Ne4 Rb8 24. g4 Ne7 25. Nc5 Rd8 26. Rxd8 Kxd8 27.
Nb7+ Kd7 28. Nd6 a6 29. Nxf7 Ng6 30. f3 Ke7 31. Nd6 Nxe5 32. Nb7 Nd3 33. b3
Nf4+ 34. Ke3 Nd5+ 35. Kd4 cxb3 36. axb3 Nc7 37. c4 bxc4 38. bxc4 Kd7 39. Kc5 g5
40. Kb6 Kc8 41. Nd6+ Kd7 42. Nf7 Ne8 43. Kxa6 Kc6 44. Nxh6 Nd6 45. Ng8 Nxc4 46.
Ne7+ Kd6 47. Ng6 Ne5 48. Nf8 $2 (48. Nxe5 Kxe5 49. Kb5 Kf4 50. Kc5 Kxf3 51. Kd6
Kxg4 52. Kxe6 $11) 48... Nxf3 49. Nh7 e5 50. Nf6 Ke6 51. Ne4 Kd5 52. Nf6+ Kd4
53. Nh5 Nxh2 54. Ng7 Nf3 55. Nf5+ Ke4 0-1

[Event "64. BEM 2010"]
[Site "Dortmund"]
[Date "2010.03.01"]
[Round "4.21"]
[White "Hast, Stefan"]
[Black "Duschek, Günter"]
[Result "0-1"]
[WhiteElo "1231"]
[BlackElo "1607"]
[PlyCount "126"]
[EventDate "2010.??.??"]
[Source "SG Dortmund"]
[SourceDate "2004.12.16"]

1. e4 d5 2. exd5 Qxd5 3. Nc3 Qd8 4. Nf3 Bf5 5. Nh4 Bg6 6. Nxg6 hxg6 7. Bc4 e6
8. a3 c6 9. d4 Nf6 10. Be3 Bd6 11. h3 Nd5 12. Nxd5 cxd5 13. Bd3 Qf6 14. c3 Bf4
15. Qf3 g5 16. O-O-O Nc6 17. Bb5 a6 18. Bxc6+ bxc6 19. Bxf4 gxf4 20. Qd3 O-O
21. h4 Qh6 22. f3 a5 23. Kc2 a4 24. Qd2 Rab8 25. g3 Qg6+ 26. Qd3 fxg3 27. Qxg6
fxg6 28. Rd3 Rf4 29. Re3 Kf7 30. Rhe1 Re8 31. Rg1 Rxh4 32. Rxg3 Rh2+ 33. Kd3
Rxb2 34. Re5 Rh8 35. Reg5 Rh6 36. R3g4 Rb3 37. Rf4+ Ke7 38. Rfg4 Rxa3 39. Rxg6
Rxg6 40. Rxg6 Kf7 41. Rg1 Rb3 42. Kc2 Rb6 43. Ra1 Ra6 44. Ra3 Kf6 45. Kd3 Kf5
46. Ke3 g5 47. Kf2 Kf4 48. Ke2 e5 49. dxe5 Kxe5 50. Ke3 c5 51. Kd3 Kf4 52. c4
d4 53. Ke2 Re6+ 54. Kd2 Re3 55. Rxa4 Kxf3 56. Ra5 Re5 57. Ra1 g4 58. Rf1+ Kg2
59. Rf8 g3 60. Rf7 Kg1 61. Rf8 g2 62. Rf7 Rh5 63. Ke1 Kh1 0-1

[Event "64. BEM 2010"]
[Site "Dortmund"]
[Date "2010.03.01"]
[Round "4.22"]
[White "Türtmann, Werner"]
[Black "Skoecz, Horst"]
[Result "1-0"]
[WhiteElo "1579"]
[BlackElo "1349"]
[PlyCount "151"]
[EventDate "2010.??.??"]
[Source "SG Dortmund"]
[SourceDate "2004.12.16"]

1. e4 c6 2. Bc4 a5 3. a3 b5 4. Ba2 e6 5. d3 Bb7 6. Nf3 Be7 7. O-O Qc7 8. Re1 c5
9. Nc3 Ba6 10. Be3 Bf6 11. d4 c4 12. e5 Be7 13. d5 exd5 14. Qxd5 Qc6 15. Rad1 (
15. Nd4 $1 Qxd5 16. Nxd5 Bd8 17. Nf5 $18) 15... b4 16. Qxc6 Nxc6 17. Nd5 Bd8
18. Bb6 Nge7 19. Bxd8 Nxd5 20. Rxd5 Rxd8 21. Red1 a4 22. Nd4 Nxd4 23. R5xd4 b3
24. cxb3 axb3 25. Bb1 Ke7 26. Bf5 Bb5 27. f4 g6 28. Bh3 h5 29. Kf2 g5 30. g3 g4
31. Bf1 Rc8 32. Be2 Rc7 33. Rc1 Rhc8 34. Rc3 Rc5 35. Bf1 R8c6 36. Bg2 Rc7 37.
Ke3 f6 38. exf6+ Kxf6 39. Rd6+ Ke7 40. Rh6 Kf7 41. Kd4 Kg7 42. Rb6 Ba4 43. Be4
Rb5 44. Rxb5 Bxb5 45. Bd5 Kf6 46. Bxc4 Ba4 47. Bd5 Ra7 48. Rc4 d6 49. Rb4 h4
50. Bxb3 Bxb3 51. Rxb3 Ra5 52. Rb6 Ke6 53. Ke3 Rc5 54. Kd2 Rd5+ 55. Ke1 h3 56.
Rb8 Kf5 57. Re8 Rd3 58. Re2 Rb3 59. Kd1 Kf6 60. Kc2 Rf3 61. a4 Rf1 62. Rd2 Kf5
63. b4 Ke4 64. b5 Kf3 65. b6 Rf2 66. b7 Rxd2+ 67. Kxd2 Kg2 68. b8=Q Kxh2 69.
Qb3 Kg2 70. f5 h2 71. f6 Kh3 72. Qd5 Kxg3 73. f7 Kh3 74. Qh5+ Kg3 75. f8=Q h1=Q
76. Qxh1 1-0

[Event "64. BEM 2010"]
[Site "Dortmund"]
[Date "2010.03.01"]
[Round "4.23"]
[White "Gitschel, Peter"]
[Black "Strotmann, Dieter"]
[Result "0-1"]
[WhiteElo "1520"]
[BlackElo "1274"]
[PlyCount "122"]
[EventDate "2010.??.??"]
[Source "SG Dortmund"]
[SourceDate "2004.12.16"]

1. e4 c5 2. f4 g6 3. Nf3 d6 4. Bc4 Bg4 5. Bxf7+ Kd7 6. Bxg8 Rxg8 7. h3 Bxf3 8.
Qxf3 Kc7 9. Nc3 Nc6 10. Nd5+ Kb8 11. c3 Bg7 12. d3 Rf8 13. Qg4 Qc8 14. Qg3 e6
15. Ne3 Qd7 16. O-O Kc7 17. Nc4 Rad8 18. Be3 Kc8 19. e5 dxe5 20. Bxc5 Rg8 21.
Nd6+ Kb8 22. Qh4 b6 23. Ba3 Bf8 24. fxe5 Nxe5 25. d4 Bxd6 26. Bxd6+ Qxd6 27.
dxe5 Qxe5 28. Qxh7 Qc5+ 29. Kh1 Qd5 30. Rf3 g5 31. Qf7 g4 32. c4 Qe4 33. Qf4+
Qxf4 34. Rxf4 gxh3 35. gxh3 Rd2 36. Rg1 Rh8 37. h4 e5 38. Rfg4 Rxb2 39. Rg8+
Rxg8 40. Rxg8+ Kb7 41. Rg2 Rb4 42. h5 Rxc4 43. h6 Rc8 44. h7 Rh8 45. Rg7+ Kc6
46. Rxa7 e4 47. Kg2 Kd5 48. Kf2 Kd4 49. Rd7+ Ke5 50. Ke3 Ke6 51. Rb7 Kd5 52.
Kf4 Kc6 53. Rg7 Kd5 54. Rd7+ Ke6 55. Ra7 Kd5 56. Kf5 e3 57. Kg6 Kd6 58. Kf6 e2
59. Re7 Rf8+ 60. Rf7 e1=Q $1 (60... Rxf7+ $2 61. Kxf7 e1=Q 62. h8=Q Qe6+ 63.
Kg7 Qe5+ 64. Kg8 Qxh8+ 65. Kxh8 Kc5 66. Kg7 Kb4 67. Kf6 Ka3 68. Ke5 Kxa2 69.
Kd6 $11) 61. Rxf8 Qe7+ 0-1

[Event "64. BEM 2010"]
[Site "Dortmund"]
[Date "2010.03.01"]
[Round "4.24"]
[White "Grawe, Herbert"]
[Black "Schaefer, Ulrich"]
[Result "1-0"]
[WhiteElo "1495"]
[BlackElo "1231"]
[PlyCount "49"]
[EventDate "2010.??.??"]
[Source "SG Dortmund"]
[SourceDate "2004.12.16"]

1. Nc3 d5 2. e4 d4 3. Nce2 e5 4. Ng3 Nf6 5. a3 Bc5 6. h3 Nc6 7. Bc4 O-O 8. d3
a6 9. Ba2 b5 10. f4 exf4 11. Bxf4 Bd6 12. Bxd6 Qxd6 13. N1e2 b4 14. O-O a5 15.
Qd2 Qc5 16. Rxf6 gxf6 17. Rf1 Qg5 18. Qe1 Re8 19. Nf4 f5 20. Nd5 Qd8 21. Qf2
Be6 22. Nxf5 Bxd5 23. Bxd5 Qf6 24. Bxf7+ Kxf7 25. Nh6+ 1-0

[Event "64. BEM 2010"]
[Site "Dortmund"]
[Date "2010.03.01"]
[Round "4.25"]
[White "Siwy, Boguslaw"]
[Black "Schoppe, Hans-Werner"]
[Result "1/2-1/2"]
[WhiteElo "1479"]
[BlackElo "1224"]
[PlyCount "89"]
[EventDate "2010.??.??"]
[Source "SG Dortmund"]
[SourceDate "2004.12.16"]

1. e4 e6 2. d4 d5 3. Nc3 dxe4 4. Nxe4 Nf6 5. Bg5 Be7 6. Nxf6+ Bxf6 7. h4 h6 8.
Bxf6 Qxf6 9. Bd3 b6 10. Be4 c6 11. Qd2 Bb7 12. O-O-O Na6 13. Nf3 O-O-O 14. Qd3
Nc5 15. Qe2 Nxe4 16. Qxe4 c5 17. Qe3 Bxf3 18. gxf3 cxd4 19. Qe4 Kb8 20. f4 Rd6
21. Rd3 Qf5 22. Qxf5 exf5 23. Rhd1 Rhd8 24. c3 Kc7 25. Rxd4 Rxd4 26. Rxd4 Rd6
27. Rxd6 Kxd6 28. Kd2 Kd5 29. Kd3 f6 30. a3 g5 31. c4+ Kc6 32. h5 a5 33. b4
axb4 34. axb4 Kd6 35. Kd4 Kc6 36. b5+ Kd6 37. c5+ bxc5+ 38. Kc4 g4 39. b6 Kc6
40. b7 Kxb7 41. Kxc5 Kc7 42. Kd5 Kd7 43. Kc5 Ke6 44. Kc4 Kd6 45. Kd4 1/2-1/2

[Event "64. BEM 2010"]
[Site "Dortmund"]
[Date "2010.03.01"]
[Round "4.26"]
[White "Rzoczek, Christoph"]
[Black "Schlepütz, Volker"]
[Result "1-0"]
[WhiteElo "1468"]
[BlackElo "1216"]
[PlyCount "70"]
[EventDate "2010.??.??"]
[Source "SG Dortmund"]
[SourceDate "2004.12.16"]

1. e4 d6 2. d4 Nf6 3. Nc3 g6 4. f4 Bg7 5. Nf3 O-O 6. Bc4 Nc6 $2 7. O-O Na5 8.
Bb3 Nxb3 9. axb3 e6 10. Qd3 a6 11. Be3 Ne8 12. Rad1 f5 13. e5 b5 14. Bf2 Bb7
15. Bh4 Qd7 16. Ne2 Be4 17. Qd2 Rc8 18. Ng5 Bb7 19. c4 c5 20. dxc5 Rxc5 21. Qb4
Qc6 22. Nf3 dxe5 $4 23. Be7 Rxc4 24. bxc4 Rf7 25. cxb5 Qc2 26. Rd2 Qc7 27. Bd8
Qb8 28. bxa6 Qa7+ 29. Qb6 Qxb6+ 30. Bxb6 Bxa6 31. Re1 Bxe2 32. Rexe2 exf4 33.
Rxe6 Nf6 34. Rd8+ Bf8 35. Ng5 Re7 1-0

[Event "64. BEM 2010"]
[Site "Dortmund"]
[Date "2010.03.01"]
[Round "4.27"]
[White "Jentzsch, Werner Wilfried"]
[Black "Müller, Michaela"]
[Result "0-1"]
[WhiteElo "1441"]
[BlackElo "1042"]
[PlyCount "84"]
[EventDate "2010.??.??"]
[Source "SG Dortmund"]
[SourceDate "2004.12.16"]

1. d4 d5 2. Nc3 e6 3. e4 dxe4 4. Nxe4 Nf6 5. Bg5 Be7 6. Nxf6+ Bxf6 7. Bxf6 Qxf6
8. Nf3 O-O 9. Bd3 Nc6 10. c3 Bd7 11. Qd2 Ne7 12. Ng5 Ng6 13. h4 h6 14. h5 hxg5
15. hxg6 fxg6 16. O-O-O Be8 17. Rh2 Qxf2 18. Qxg5 Qf4+ 19. Qxf4 Rxf4 20. Rdh1
Kf7 21. Rh8 Rd8 22. R1h7 Rg4 23. Rh1 Rf4 24. g4 Rxg4 25. Rf1+ Ke7 26. Rff8 Rg1+
27. Kc2 Ba4+ 28. b3 Rxf8 29. Rxf8 Bxb3+ 30. axb3 Kxf8 31. Be4 b6 32. Kd3 Kf7
33. Kc4 Rg5 34. Kb4 c5+ 35. dxc5 Rxc5 36. c4 Re5 37. Ba8 g5 38. Kc3 g4 39. Kd4
Kf6 40. b4 g3 41. Bg2 Re2 42. Bf3 g2 0-1

[Event "64. BEM 2010"]
[Site "Dortmund"]
[Date "2010.03.01"]
[Round "4.28"]
[White "Militello, Luca"]
[Black "Krüger, Inge"]
[Result "1-0"]
[WhiteElo "1025"]
[BlackElo "1390"]
[PlyCount "103"]
[EventDate "2010.??.??"]
[Source "SG Dortmund"]
[SourceDate "2004.12.16"]

1. e4 e6 2. d4 d5 3. Nc3 Nf6 4. e5 Nfd7 5. Bd3 c5 6. dxc5 Nxe5 7. Bb5+ Nbc6 8.
Qd4 Nd7 9. Qa4 Nxc5 10. Bxc6+ Bd7 11. Bxd7+ Nxd7 12. Nf3 Be7 13. Ne5 a6 14.
Nxd7 Qxd7 15. Qxd7+ Kxd7 16. Bf4 Rac8 17. O-O-O Kc6 18. Rhe1 Bb4 19. Be5 f6 20.
Bg3 Rhe8 21. Rd3 b5 22. a3 Ba5 23. b4 Bb6 24. a4 d4 25. Ne4 e5 26. a5 Ba7 27.
f4 Kd5 28. Nc3+ Rxc3 29. Kb2 Rxd3 30. cxd3 Rc8 31. fxe5 Bb8 32. exf6 gxf6 33.
Bxb8 Rxb8 34. Re7 Rc8 35. Rxh7 Rc3 36. Rh3 Ke5 37. Rg3 Kf5 38. h4 Rc8 39. Rf3+
Ke5 40. g4 Rg8 41. Rf5+ Ke6 42. Rf4 Ke5 43. Re4+ Kd5 44. Kc2 Rc8+ 45. Kb2 Rc3
46. Rf4 Ke5 47. Rf3 Rc8 48. Rf5+ Ke6 49. Rc5 Kd7 50. Rxc8 Kxc8 51. h5 Kd7 52.
h6 1-0